Cusco tradición y modernidad : (Record no. 21670)

000 -CABECERA
fixed length control field 01500nam a22003017a 4500
003 - IDENTIFICADOR DEL NÚMERO DE CONTROL
control field AR-CdUCM
008 - DATOS DE LONGITUD FIJA--INFORMACIÓN GENERAL
fixed length control field 190311b ||||| |||| 00| 0 spa d
040 ## - FUENTE DE LA CATALOGACIÓN
Agencia/entidad que catalogó originalmente la obra MUNICIPALIDAD PROVINCIAL DEL CUSCO
Entidad que transcribió la catalogación BIBLIOTECA MUNICIPAL DEL CUSCO
082 ## - NÚMERO DE LA CLASIFICACIÓN DECIMAL DEWEY
No. de Clasificación 338.098/S19
Notacion interna S19
100 ## - ENTRADA PRINCIPAL--NOMBRE DE PERSONA
Nombre Personal Samanez Argumedo, Roberto
245 ## - MENCIÓN DE TÍTULO
Título Cusco tradición y modernidad :
Resto del título la industrialización, el comercio y sus protagonistas /
Mención de responsabilidad Roberto Samanez Argumendo, Elizabeth Kuon Arce
260 ## - PUBLICACIÓN, DISTRIBUCIÓN, ETC.
Lugar de publicación, distribución, etc. Cusco :
Nombre de la editorial, distribuidor, etc. Caja Municipal de Ahorro y Crédito Cusco,
Fecha de publicación, distribución, etc. 2018.
300 ## - DESCRIPCIÓN FÍSICA
Nº de Páginas Extensión 149, [8] páginas. :
Otros detalles físicos ilustraciones., mapas, retratos. ;
Dimensiones 26 x 31 cm.
500 ## - NOTA GENERAL
Bibliografía Bibliografía: p. [150-153]
505 ## - NOTA DE CONTENIDO CON FORMATO
Nota de contenido formateada Contenido: Cusco en la transición de la colonia a la república -- La región del Cusco del siglo XIX al siglo XX -- La Hegemonía de los hacendados -- Etapa de la industrialización en Cusco -- otros pequeñas industrias -- La mirada turística hacia el Cusco -- El Comercio en la época colonial y la etapa republicana -- Visión de los intelectuales cusqueños en el siglo XX.
650 ## - PUNTO DE ACCESO ADICIONAL DE MATERIA--TÉRMINO DE MATERIA
Descriptor Industrialización
9 (RLIN) 1455
650 ## - PUNTO DE ACCESO ADICIONAL DE MATERIA--TÉRMINO DE MATERIA
Descriptor Turismo
9 (RLIN) 45742
650 ## - PUNTO DE ACCESO ADICIONAL DE MATERIA--TÉRMINO DE MATERIA
Descriptor Empresarios
9 (RLIN) 45693
650 ## - PUNTO DE ACCESO ADICIONAL DE MATERIA--TÉRMINO DE MATERIA
Descriptor Historia
9 (RLIN) 45743
650 ## - PUNTO DE ACCESO ADICIONAL DE MATERIA--TÉRMINO DE MATERIA
Descriptor Fabricas textiles
9 (RLIN) 45744
650 ## - PUNTO DE ACCESO ADICIONAL DE MATERIA--TÉRMINO DE MATERIA
Descriptor Haciendas Cusco
9 (RLIN) 45745
650 ## - PUNTO DE ACCESO ADICIONAL DE MATERIA--TÉRMINO DE MATERIA
Descriptor Condiciones económicas
9 (RLIN) 45746
650 ## - PUNTO DE ACCESO ADICIONAL DE MATERIA--TÉRMINO DE MATERIA
Descriptor Cusco
9 (RLIN) 772
700 ## - PUNTO DE ACCESO ADICIONAL--NOMBRE DE PERSONA
Nombre Personal Kuon Arce, Elizabeth
9 (RLIN) 31102
710 ## - PUNTO DE ACCESO ADICIONAL--NOMBRE DE ENTIDAD CORPORATIVA
Nombre corporativo (En letras Mayúsculas) Caja Municipal de Ahorro y Crédito Cusco
9 (RLIN) 45737
942 ## - ELEMENTOS DE PUNTO DE ACCESO ADICIONAL (KOHA)
Fuente de clasificación
Tipo de item Libros-BMC
945 ## - PROCESAMIENTO DE INFORMACIÓN LOCAL (OCLC)
Catalogador rac
Holdings
Estado de retiro (separado) Fuente de clasificación o esquema de estanterías Estado dañado Ubicación Sala donde se ubica Nombre de la colección Fecha de adquisición o compra Fuente de adquisición Costo, precio normal en soles Signatura topográfica Código de Barras Última vez visto (Koha) Tipo de ítem (Koha)
No     Sala Humanidades Sala Humanidades Book Cart 2021-01-19 Donación 50.00 338.098/S19 SH0000016151 2021-01-19 Libros-BMC

Powered by Koha